LEADER 00733nam a2200193 i 4500 001 000000055847 003 CaOOAMICUS 005 19970715000000.0 008 970715s1972 vc u000 u lat u 013 $a27019 040 $aSeMil$bita 245 10$aCongregationes Generales 50.-58. 300 $a868 p. 773 0 $tActa Synodalia Sacrosancti Concilii Oecumenici Vaticani 2..$d[In Urbe Vaticani] : Typis Polyglottis Vaticanis, 1970-1999.$gVolumen2$w()514 773 0 $tPeriodus secunda.$gPars3$w()6740 850 $aSeMil 852 $aSeMil$W1$xVenegono$y1$mSL1.Z VI 6$j22001$B22001$CSeMilBibl$Z2$F22003 $8I 961 $aAcquisto: Rimoldi mons. Antonio 996 $6245$aCongregationes Generales 50.-58$9(OLS)http://semarc/title/86713 LEADER 01158nam a2200265 i 4500 001 000000077504 003 CaOOAMICUS 005 20010719000000.0 008 010719s1998 be u000 u fre u 013 $a48676 020 $a2-87299-070-4 040 $aSeMil$bita 100 1 $aGilbert, Maurice,$c.$0(OLS)http://semarc/name/89700 245 13$aIl a parlé par les prophètes :$bthèmes et figures bibliques /$cdi Maurice Gilbert. 260 $aBruxelles :$bLessius,$c1998. 300 $a401 p. ;$c21 cm. 490 0 $aLe livre et le rouleau ;$v2 650 4$aBibbia. Antico Testamento - Commentari, studi, critica, interpretazioni.$0(OLS)http://semarc/subject/2 830 3$aLe livre et le rouleau ;$v2.$0(OLS)http://semarc/title/5976 850 $aSeMil 852 $aSeMil$W1$xVenegono$y1$m2Z III 267$j235312$B43656$CSeMilBibl$Z2$F43225 $81 961 $aAcquisto: Herder 996 $6020$a2-87299-070-4$9(OLS)http://semarc/number/59236 996 $6245$aIl a parlé par les prophètes :$bthèmes et figures bibliques$9(OLS)http://semarc/title/125874 996 $6260$aBruxelles :$bLessius$9(OLS)http://semarc/publisher/31201 LEADER 00963nam a2200253 i 4500 001 000000140545 003 CaOOAMICUS 005 20050621000000.0 008 050621s1976 it u000 u ita u 013 $a114746 040 $aSeMil$bita 100 1 $aGrelot, Pierre,$d<1917-2009>.$0(OLS)http://semarc/name/5245 245 13$aLa speranza cristiana /$cPierre Grelot. 260 $aBologna :$bDehoniane,$c1976. 300 $a176 p. ;$c19 cm. 490 0 $aLa fede oggi ;$v5 650 4$aBibbia - Speranza.$0(OLS)http://semarc/subject/21047 650 4$aSperanza - Meditazioni.$0(OLS)http://semarc/subject/13338 830 3$aLa fede oggi ;$v5.$0(OLS)http://semarc/title/6626 850 $aSeMil 852 $aSeMil$W1$xVenegono$y1$m2V VII 88$j270440$B93894$CSeMilBibl$Z2$F99772 $81 961 $aOmaggio: Altro 996 $6245$aLa speranza cristiana$9(OLS)http://semarc/title/205377 996 $6260$aBologna :$bDehoniane$9(OLS)http://semarc/publisher/30419